| 000 | 01427nam a2200289Ia 4500 | ||
|---|---|---|---|
| 003 | Ost | ||
| 005 | 20260416102350.0 | ||
| 008 | 260416s9999||||xx |||||||||||||| ||und|| | ||
| 040 | _cfsecg | ||
| 041 | _aara | ||
| 082 | _a327.116 | ||
| 100 |
_aزاوشي، صورية _eمؤلف |
||
| 245 | 0 |
_aقضايا وطنية و دولية راهنة / _c صورية زاوشي |
|
| 260 |
_aالجزائر _bجامعة الجزائر3: كلية العلوم الإقتصادية، العلوم التجارية وعلوم التسيير _c2018 |
||
| 300 |
_a120 ورقة _bايضاحات _c30 سم |
||
| 504 | _aمراجع ص.108 | ||
| 520 | _aقضية البيئة والتنمية المستدامة، قضية العولمة -مفهمة سياسية-، قضية الأمن والبناء القومي للدولة، قضية الديمقراطية، قضية مراقبة التسلح وبناء الأمن الانساني، قضية الارهاب، قضية الحوكمة | ||
| 653 | _a الأمن الدولي | ||
| 653 | _aالإرهاب | ||
| 653 | _aالأسلحة و التسليح | ||
| 653 | _aالبيئة | ||
| 653 | _aالتنمية الاقتصادية | ||
| 653 | _aالديمقراطية | ||
| 653 | _aالعولمة | ||
| 710 |
_aجامعة الجزائر3: كلية العلوم الإقتصادية، العلوم التجارية وعلوم التسيير _eناشر علمي |
||
| 942 | _cHANDOUT | ||
| 999 |
_c40967 _d40967 |
||